LEADER 00944nam 2200349 450 001 990002411210203316 005 20050405105533.0 035 $a000241120 035 $aUSA01000241120 035 $a(ALEPH)000241121USA01 035 $a000241120 100 $a20050405d1970----km-y0itay0103----ba 101 $aeng 102 $aUS 105 $a||||||||001yy 200 1 $aCarl Andre$eThe Solomon R. Guggenheim Museum$fby Diane Waldman 210 $aNew York$cThe Solomon Guggenheim Foundation$d1970 215 $a140 p.$cill.$d25 cm 410 0$12001 454 1$12001 461 1$1001-------$12001 600 0 $aAndre,$bCarl 676 $a709.2 700 1$aWALDMAN,$bDiane$0323274 801 0$aIT$bsalbc$gISBD 912 $a990002411210203316 951 $a709.2 WAL$b177 DLAS (armadio 28 n. 89) 959 $aBK 969 $aDLAS 979 $aDLAS$b10$c20050405$lUSA01$h1055 996 $aCarl Andre$91066309 997 $aUNISA LEADER 03134oam 2200817I 450 001 9910777380003321 005 20230422042919.0 010 $a1-134-59517-4 010 $a1-134-59518-2 010 $a0-203-99189-3 010 $a1-280-10816-9 024 7 $a10.4324/9780203991893 035 $a(CKB)1000000000000437 035 $a(EBL)241746 035 $a(OCoLC)475958546 035 $a(SSID)ssj0000099482 035 $a(PQKBManifestationID)11113490 035 $a(PQKBTitleCode)TC0000099482 035 $a(PQKBWorkID)10019904 035 $a(PQKB)10821271 035 $a(MiAaPQ)EBC241746 035 $a(OCoLC)50705190 035 $a(EXLCZ)991000000000000437 100 $a20180331d2000 uy 0 101 0 $aeng 135 $aur|n|---||||| 181 $ctxt 182 $cc 183 $acr 200 10$aAdvertising and consumer citizenship $egender, images, and rights /$fAnne M. Cronin 210 1$aLondon ;$aNew York :$cRoutledge,$d2000. 215 $a1 online resource (192 p.) 225 1 $aTransformations 300 $aDescription based upon print version of record. 311 $a0-415-22324-5 311 $a0-415-22323-7 320 $aIncludes bibliographical references (pages [167]-174) and index. 327 $aBook Cover; Title; Contents; Plates; Series editors' preface; Acknowledgements; Introduction; 1 The individual, the citizen and the consumer; 2 Advertising knowledges; 3 Advertising, texts and textual strategies; 4 Branding vision; 5 Female visions; 6 Visual epistemologies and new consumer rights; Appendix; Notes; Bibliography; Index 330 $aUsing a variety of print advertisements, this exciting and provocative study explores how the consumer is created by advertisements in terms of:* Sex* Class* Race.It also explores the figure of the citizen and how this identity is produced by contemporary political discourses. Advertising and Consumer Citizenship will be essential reading for all those interested in the study of consumption, citizenship and gender. 410 0$aTransformations 606 $aAdvertising 606 $aAdvertising-- Psychological aspects 606 $aConsumer behavior 606 $aConsumer behavior 606 $aPsychological aspects 606 $aSex role in advertising 606 $aSex role in advertising 606 $aAdvertising$2HILCC 606 $aCommerce$2HILCC 606 $aBusiness & Economics$2HILCC 615 4$aAdvertising. 615 4$aAdvertising-- Psychological aspects. 615 4$aConsumer behavior. 615 4$aConsumer behavior. 615 4$aPsychological aspects. 615 4$aSex role in advertising. 615 4$aSex role in advertising. 615 7$aAdvertising 615 7$aCommerce 615 7$aBusiness & Economics 676 $a306.3 676 $a659.1/042 686 $a05.31$2bcl 700 $aCronin$b Anne M.$f1967,$01484983 801 0$bAU-PeEL 801 1$bAU-PeEL 801 2$bAU-PeEL 906 $aBOOK 912 $a9910777380003321 996 $aAdvertising and consumer citizenship$93791913 997 $aUNINA LEADER 01078cam0-22003131i-450 001 990003994410403321 005 20240119130338.0 010 $a88-348-3321-x 035 $a000399441 035 $aFED01000399441 035 $a(Aleph)000399441FED01 100 $a20040127d2003----km-y0itay50------ba 101 0 $aita 102 $aIT 200 1 $aProfili della teoria del valore negli studi di ragioneria$eDall'affermazione del paradigma bestano alla definizione delle "tendenze nuove"$fRiccardo Palumbo 210 $aTorino$cGiappichelli$d2003 215 $aXXI, 147 p.$d24 cm 225 1 $aCollana di studi e ricerche sul sistema azienda$fGiuseppe Paolone$iseire aziendale$v20 610 0 $aValore $aTeorie 676 $a338.521$v21 700 1$aPalumbo,$bRiccardo$f<1971- >$0118009 801 0$aIT$bUNINA$gREICAT$2UNIMARC 901 $aBK 912 $a990003994410403321 952 $a1-1-60-RA$b8176$fECA 952 $aC3-P21-45-RA$b8643$fECA 959 $aECA 996 $aProfili della teoria del valore negli studi di ragioneria$9471788 997 $aUNINA